000 00792nam a2200241 i 4500
001 102643
003 ES-MaACL
005 20230906183142.0
007 t|
008 051124s1971 pr ||||1| spa d
080 _a821.134.2(729.5)-14"19"
100 1 _aDávila, Virgilio.
_942940
245 1 0 _aViviendo y amando /
_cVirgilio Dávila ; prólogo de Romualdo Real ; nota crítica Cesáreo Rosa-Nieves.
250 _a3ª ed.
260 _aSan Juan, Puerto Rico :
_bCordillera,
_c1971.
300 _a136 p. ;
_c18 cm.
490 1 _aLos grandes escritores de Puerto Rico
700 1 _aReal, Romualdo.
_995679
700 1 _aRosa-Nieves, Cesáreo.
_999617
830 0 _aLos grandes escritores de Puerto Rico
_9184786
852 _aES-MaACL
_jE-11166
_bR.136862
999 _c102643
_d102643